000 00936nam a2200253 a 4500
001 48566
003 BD-RjUL
005 20211209054539.0
008 160814s2000 b ||||| |||| 00| 0 eng d
020 _a9840740849
_c : Tk.140.00
035 _a(BD-RjUL)48685
040 _aBD-RjUL
_bben
_cBD-RjUL
041 _aben
082 _223
_a570
_bBHP 2000
100 _aভূঞাঁ, কেশব চন্দ্র
_9146744
245 1 0 _aপ্রাণবিজ্ঞানে পরিসংখ্যান /
_cকেশব চন্দ্র ভূঞাঁ, স্ব্পন কুমার ধর
260 _aঢাকা :
_bবাংলা একাডেমী,
_c২০০০
300 _a১ম খণ্ড
505 0 _aখণ্ড -- ১ম
650 _2জীবন বিজ্ঞান
650 _aLife sciences
_9146060
700 _a ধর, স্ব্পন কুমার
_9146745
942 _2ddc
_cBK
999 _c48566
_d48566